000 00491nam a22001817a 4500
005 20170629100315.0
010 _aENG-119002
020 _c299.00
_a9788190441377
035 _aEN-102534
037 _bDBAD/PUB
082 _aN
100 _aSharma, Kishore
245 _aThe grandmother /
_ctranslated by Kishore Sharma
260 _aPinjore
_bNeelam Publications
_c2017
270 _bPinjore (Chandigarh)
_e134104
_aHimshikha
300 _a248p.
_c21cm(pbk)
942 _2ddc
_cEN
_mSHA
_hN
999 _c142076
_d142076